| 000 | 00796nam a22001457a 4500 | ||
|---|---|---|---|
| 999 |
_c2607 _d2607 |
||
| 020 | _a8172733399 | ||
| 050 |
_aHC455 _b.R18 |
||
| 100 | _aP. GOPINATH RAO | ||
| 245 |
_aRURAL DEVELOPMENT: SUSTAINABLE LIVELIHOOD AND SECURITY _bP. GOPINATH RAO |
||
| 260 |
_aDelhi _bAuthorspress _c2006 |
||
| 300 |
_axiii,249p _c23cm. |
||
| 500 | _aIncludes index. | ||
| 505 | _aINTRODUCTION SUSTAINABLE LIVELIHOODS RURAL DEVELOPMENT POLICIES RAINFED AGRICULTURE AND ITS TECHNOLOGICAL CHALLENGES ROLE OF WATER IN AGRICULTURE AND DEVELOPMENT AGRICULTURAL SUSTAINABILITY LAND AND LIVELIHOODS FOR INDIA'S RURAL POOR FOOD SECURITY IN INDIA POVERTY ALLEVIATION IN RURAL INDIA WOMEN IN RURAL DEVELOPMENT ELEMENTARY EDUCATION AND LITERACY INFORMATION AND COMMUNICATION TECHNOLOGY IN RURAL DEVELOPMENT | ||
| 942 | _cBK | ||